| 000 | 00741nam a2200265Ia 4500 | ||
|---|---|---|---|
| 001 | 11067 | ||
| 003 | GE_BSU | ||
| 008 | 181216s||||||||xx |||||||||||||| ||und|| | ||
| 020 | _a9780132613170 | ||
| 040 | _cGE_BSU | ||
| 080 | _a37 | ||
| 100 | _aGay,L.R; Geoffrey E.Mills;Peter Airasian. | ||
| 245 | _aEducational Research | ||
| 245 | _bCompetencies for analysis and applications. | ||
| 250 | _a10th ed. | ||
| 260 | _aBoston. | ||
| 260 | _bPearson. | ||
| 260 | _c2012. | ||
| 300 | _a648p;ill;27cm. | ||
| 520 | _aშემოსულია ტემპუსის პროექტით. | ||
| 541 | _h321Gel. | ||
| 653 | _aEDUCATIONAL RESEARCH. | ||
| 653 | _aტემპუსის პროექტით | ||
| 942 | _cBK | ||
| 999 |
_c44309 _d44309 |
||